Guess the random Taylor Swift Song Lyrics 94 - Statistics

General Stats
  • This quiz has been taken 12 times
  • The average score is 131 of 218
Answer Stats
Answer % Correct
a
100%
I
100%
to
100%
you
100%
In
90%
in
90%
is
90%
on
90%
the
90%
The
90%
we
90%
your
90%
Your
90%
And
80%
and
80%
at
80%
can
80%
love
80%
Love
80%
me
80%
Me
80%
Then
80%
too
80%
Are
70%
be
70%
have
70%
no
70%
still
70%
that
70%
been
60%
But
60%
can't
60%
for
60%
I've
60%
moon
60%
over
60%
so
60%
there
60%
think
60%
time
60%
was
60%
why
60%
come
50%
down
50%
face
50%
got
50%
like
50%
my
50%
Our
50%
Saturn
50%
should
50%
though
50%
We'll
50%
will
50%
always
40%
beautiful
40%
cry
40%
heart
40%
house
40%
just
40%
mad
40%
meaning
40%
must
40%
Or
40%
other
40%
seven
40%
sky
40%
tell
40%
things
40%
used
40%
wanted
40%
with
40%
won't
40%
closet
30%
Cross
30%
dad
30%
forever
30%
haunted
30%
hide
30%
high
30%
hit
30%
India
30%
lasts
30%
live
30%
long
30%
move
30%
Pack
30%
Passed
30%
passed
30%
peak
30%
picture
30%
Please
30%
song
30%
songs
30%
sweater
30%
Sweet
30%
trees
30%
Before
20%
braids
20%
civility
20%
creek
20%
dolls
20%
feet
20%
ferociously
20%
folk
20%
jump
20%
learned
20%
pattern
20%
Pennsylvania
20%
pirates
20%
recall
20%
scared
20%
scream
20%
summer
20%
swing
20%
tea
20%
under
20%
weeds
20%
No matching quizzes found
Score Distribution
Percent of People with Each Score
Percentile by Number Answered
Your Score History
You have not taken this quiz